000 01221nam0a22002771 4500
001 rc\3605610
005 20260407180610.0
021 _aRU
_b79-РК-26672
021 _aRU
_bРг12076-79
035 _a(NLR Aleph) 007680239
090 _a6530031
_c6530031
100 _a20130115d1971 |||y0rusy50 ca
101 0 _arus
102 _aRU
105 _aa z |||||
200 1 _aВсесоюзное совещание Проектирование и строительство сейсмостойких зданий и сооружений. Фрунзе, октябрь 1971 г.
_e(Тез. докл.)
210 _aАлма-Ата
_cБ. и.
_d1971
215 _a203 с.
_cил.
_d20
300 _aВ надзаг.: Центр Фрунз. политехн. ин-т. НИИпроект Госстроя СССР
320 _aБиблиогр. в конце докл.
710 1 2 _a"Проектирование и строительство сейсмостойких зданий и сооружений", всесоюзное совещание
_d3
_f1971
_eФрунзе
_3RU\NLR\AUTH\8810114993
_9729265
801 0 _aRU
_bNLR
_gpsbo
801 1 _aRU
_bELAR
_2rusmarc
852 _aNLR
_j79-8/8085
942 _cBOOK
980 _aNB